00461 2200181 4500001002100000008004100021035002000062245005200082100001900134250000600153260003800159300001200197020002200209084001400231082000800245650001400253990001200267INLIS000000000001165 ind  a0010-0524000400 aSuhu & TermodinamikacProf. Yohanes Surya, Ph.D aSurya, Yohanes a1 aTangerang :bPT. KandelcMei 2017 a139 hlm a978-602-6878-37-3 a530 YOH s a530 aNon Fiksi a0744927